000 00613nam a2200193Ia 4500
008 101110s9999 xx 000 0 und d
041 _aENGLISH
082 _bJR3337
100 _aKotibhaskar, Sharangapani
245 _aText Book of Book-Keeping and Accountancy (Theory & Practice) Std.XII Com.
365 _b48.5
520 _aCommerce
546 _aENGLISH
630 _aText Book of Book-Keeping and Accountancy (Theory & Practice) Std.XII Com.
650 _aCommerce
655 _aCommerce
730 _aText Book of Book-Keeping and Accountancy (Theory & Practice) Std.XII Com.
942 _cBOOK
999 _c794536
_d794533